Normal view
MARC view
Entry Topical Term
001 - CONTROL NUMBER
- control field: 8197
003 - CONTROL NUMBER IDENTIFIER
- control field: PK-LaUMT
005 - DATE AND TIME OF LATEST TRANSACTION
- control field: 20251128104735.0
008 - FIXED-LENGTH DATA ELEMENTS
- fixed length control field: 251128|| aca||aabn | a|a d
040 ## - CATALOGING SOURCE
- Original cataloging agency: PK-LaUMT
- Transcribing agency: PK-LaUMT
150 ## - HEADING--TOPICAL TERM
- Topical term or geographic name as entry element: Entrepreneurship
- Geographic subdivision: Developing countries
670 ## - SOURCE DATA FOUND
- Source citation: Work cat.: (PK-LaUMT)139280: Kshetri, Nir 8196, Global entrepreneurship :, 2026
